| 000 | 01156nam a22002657a 4500 | ||
|---|---|---|---|
| 005 | 20141119113249.0 | ||
| 008 | 140714b xxu||||| |||| 00| 0 Urdu d | ||
| 010 | _aUR-124 B-548013 | ||
| 020 |
_a9789350732748 _c150.00 |
||
| 035 | _aU-124 B-548013 | ||
| 037 | _bBPPD/Pub/Ven | ||
| 037 | _bPansy Books(Vend.)/Edu.pub.House(Pub.) | ||
| 040 |
_aDPL _bUrdu |
||
| 082 | _a840.8 | ||
| 100 | _aمنا ظر عا شق ہر گا نو ی | ||
| 245 |
_aتنقيد و تفہيم _cمنا ظر عا شق ہر گا نو ی |
||
| 246 |
_aTanqeed -o- Tafhim _bDr. Manazir Ashiq Harganvi |
||
| 260 |
_aد ھلی _bا يجو کيشنل پبليشنگ ہا ؤس _c2014 |
||
| 260 | _bPansy Books(Vender) | ||
| 270 |
_a3108،و کيل اسٹر يٹ ،کو چہ پنڈ ت ،لال کنو ا ن _bد ھلی _e110006 _k23216162،23214465 |
||
| 270 |
_aR2,/66/A Somesh Vihar,Chhawala _bNew Delhi _e110071 _k01125317355 |
||
| 300 |
_a152ص _c22Cm (Hb) |
||
| 942 |
_2ddc _cUR _e _h840.8 _mم ن ا |
||
| 999 |
_c87368 _d87368 |
||